000 01003fam a2200337 a 4500
005 20260322212021.0
008 data
010 _a 93036692
020 _a0849389801 (set)
020 _a084938981X (v. 1)
020 _a0849389828 (v. 2)
020 _a9780849389801 (set)
020 _a9780849389818 (v. 1)
020 _a9780849389825 (v. 2)
040 _aDLC
_cDLC
_dCtY-M
050 0 0 _aTX349
_b.F575 1994
092 _a641 F686 1994
245 1 0 _aFoods & nutrition encyclopedia /
_cAudrey Ensminger.
250 _a2nd ed.
260 _aBoca Raton :
_bCRC Press,
_c1994.
263 _a9311
300 _a2 v. (viii, 2415 p., [16] p. of col. plates ) :
_bill.
_c29 cm.
504 _aIncludes bibliographical references and index.
505 0 _av. 1. A-H -- v. 2. I-Z.
590 _aIncludes bibliography and index
650 0 _aNutrition
_vEncyclopedias.
650 0 _aFood
_vEncyclopedias.
700 1 _aEnsminger, Audrey.
740 0 1 _aFoods and nutrition encyclopedia.
001 data
999 _c483
_d483